Theories and principles of design in the architecture of Islamic societis : A symposium held bythe Aga Khan Program for Islamic Architecture./Cambridge,6.-8.11.1987
Guardado en:
| Formato: | Libro |
|---|---|
| Lenguaje: | inglés |
| Publicado: |
Cambridge :
Harvard University Press,
1988
|
| Etiquetas: |
Sin Etiquetas, Sea el primero en etiquetar este registro!
|
MARC
| LEADER | 00000nam a22000003a 4500 | ||
|---|---|---|---|
| 001 | stu80386 | ||
| 005 | 20150408175436.7 | ||
| 008 | 030428s1988----uk------------------eng-d | ||
| 040 | |a STU |b slo | ||
| 041 | 0 | |a eng | |
| 044 | |a uk | ||
| 080 | |a 72 | ||
| 245 | |a Theories and principles of design in the architecture of Islamic societis : |b A symposium held bythe Aga Khan Program for Islamic Architecture./Cambridge,6.-8.11.1987 | ||
| 260 | |a Cambridge : |b Harvard University Press, |c 1988 | ||
| 300 | |a 190 s.;obr.,schémy | ||
| 996 | |b 284V026603 |c V*43688/O-18990 |l VVT |s A |a 24 |w stu80386_0001 | ||